000
00188 a2200097 4500
020
_a
9788475564937
041
_a
spa
100
_a
ROSA SASTRE
245
_a
MI HIJO SE PORTA BIEN
942
_c
BK
999
_c
4910
_d
4910